000 00344nam a2200145Ia 4500
008 210210b1997 xxu||||| |||| 00| 0 eng d
020 _a0 7493 9485 4
082 _a823.914 GRAF
100 _aGRASS (Gunter).
245 _aFlounder, The
260 _aLondon
_bMinerva
_c1997
300 _a547
690 _aEnglish Fiction
906 _aSG03355
999 _c113983
_d113983